| 000 | 00499nam a22001697a 4500 | ||
|---|---|---|---|
| 003 | OSt | ||
| 005 | 20221005192828.0 | ||
| 008 | 221005b |||||||| |||| 00| 0 eng d | ||
| 020 | _a978-84-612-9263-9 | ||
| 040 | _cBiblioteca Lado V | ||
| 082 |
_a708 _bB666t |
||
| 100 |
_aBode, Steven _ecomisario |
||
| 245 |
_aThere is no road/ _bthe road is made by walking/ |
||
| 260 |
_bUniversity Collage of the Arts _c2009 |
||
| 300 |
_a143p. _c17x25cm |
||
| 942 |
_2ddc _c1 _h708 _iB666t _n0 |
||
| 999 |
_c2189 _d2189 |
||